00382 2200145 4500001002100000005001500021008004100036020001800077035001900095082001000114090001600124100001700140245004400157260003500201INLIS00000000001509420241224114853241224||||||||| | ||| |||| ||  a979-9481-67-8 0010-12240150940 a641.3 a641.3 NEN p0 aNeni Suhaeni00aPetunjuk Praktis Membuat Bandeng Presto aBandungbPENERBIT NUANSAc2007